| 000 | 00796nam a22002177a 4500 | ||
|---|---|---|---|
| 999 |
_c1387 _d1387 |
||
| 003 | AR-CdUCM | ||
| 008 | 190226b ||||| |||| 00| 0 spa d | ||
| 040 |
_aMUNICIPALIDAD PROVINCIAL DEL CUSCO _cBIBLIOTECA MUNICIPAL DEL CUSCO |
||
| 082 |
_a342.5 / _bK23 |
||
| 100 |
_aKardelj, Edvard _95285 |
||
| 245 |
_aLa Nacion y las Relaciones Internacionales / _cKardelj, Edvard |
||
| 260 |
_aLima - Peru: _bCuestiones Actuales del Socialismo , _c1975. |
||
| 300 |
_a223 paginas. _c20 cm. |
||
| 505 | _aEl Sistema constitutcional de las Relaciones entre - Nacionales y la Practica... | ||
| 650 |
_aSistema Constitucional. _95286 |
||
| 650 |
_aRelaciones Internacionales. _94937 |
||
| 650 |
_aEl Nacionalismo. _95287 |
||
| 700 |
_aKardelj, Edvard _95285 |
||
| 942 |
_2ddc _cLIBROS |
||
| 945 |
_artm _d2019-02-26 |
||